Richest and Poorest Countries in the European Union - Statistics

General Stats
  • This quiz has been taken 554 times
  • The average score is 18 of 20
Answer Stats
GDP ($) Country % Correct
44,550 Germany
97%
39,869 France
95%
53,218 Sweden
95%
43,582 Belgium
94%
48,346 Netherlands
93%
13,823 Poland
93%
10,757 Romania
93%
8,064 Bulgaria
92%
70,638 Ireland
92%
105,803 Luxembourg
92%
47,290 Austria
91%
46,017 Finland
91%
13,138 Croatia
89%
56,444 Denmark
89%
17,664 Slovakia
89%
18,637 Greece
88%
15,547 Latvia
87%
19,840 Estonia
86%
15,531 Hungary
86%
16,730 Lithuania
86%
No matching quizzes found
Score Distribution
Percent of People with Each Score
Percentile by Number Answered
Your Score History
You have not taken this quiz